000 00903nam0a22002411 4500
001 rc\2753671
005 20250529145757.0
035 _a(NLR Aleph) 006880493
090 _a7041989
_c7041989
100 _a20110915d1939 |||y0rusy50 ca
101 0 _arus
102 _aRU
105 _ay z |||||
200 1 _aСтендаль - романист
_eТезисы к диссертации на соискание ученой степени кандидата филологических наук
_fБ. Г. Реизов
_gЛенингр. гос. ун-т
210 _aЛенинград
_cПолигр. лаборатория
_d1939
215 _a4 с.
_d23 см.
300 _aБез тит. л. и обл.
700 1 _aРеизов
_bБ.Г.
_f1902-1981
_gБорис Георгиевич
801 0 _aRU
_bNLR
_gpsbo
801 1 _aRU
_bELAR
_2rusmarc
852 _aNLR
_j39-11/857
942 _cBOOK
980 _aNB